El Pensamiento de Franz Hinkelammert: desde la perspectiva de una filosofía latinoamericana /
সংরক্ষণ করুন:
| প্রধান লেখক: | |
|---|---|
| বিন্যাস: | পাঠ্য |
| বিষয়গুলি: | |
| ট্যাগগুলো: |
ট্যাগ যুক্ত করুন
কোনো ট্যাগ নেই, প্রথমজন হিসাবে ট্যাগ করুন!
|
MARC
| LEADER | 00000 a a2200000 04500 | ||
|---|---|---|---|
| 001 | 11953 | ||
| 003 | |||
| 040 | |||
| 100 | |a Fernández Nadal, Estela | ||
| 245 | |a El Pensamiento de Franz Hinkelammert: |b desde la perspectiva de una filosofía latinoamericana / |c Estela Fernández Nadal | ||
| 650 | |a FILOSOFIA | ||
| 650 | |a IDENTIDAD CULTURAL | ||
| 650 | |a CAPITALISMO | ||
| 650 | |a IDEOLOGIAS | ||
| 773 | |g número 96; páginas 19-27 | ||
| 999 | |c 21969 |d 21969 | ||
| 773 | 0 | |0 41641 |9 2524 |a Departamento Ecuménico de Investigaciones (DEI) |d San José, Costa Rica Departamento Ecuménico de Investigaciones (DEI) |o 20172 |t Pasos / | |
